Holman Rainbow study Bible : (Record no. 10313)
[ view plain ]
| 000 -LEADER | |
|---|---|
| fixed length control field | 00987nam a22002057a 4500 |
| 003 - CONTROL NUMBER IDENTIFIER | |
| control field | GBCCL |
| 005 - DATE AND TIME OF LATEST TRANSACTION | |
| control field | 20241126110729.0 |
| 008 - FIXED-LENGTH DATA ELEMENTS--GENERAL INFORMATION | |
| fixed length control field | 240617b ||||| |||| 00| 0 eng d |
| 020 ## - INTERNATIONAL STANDARD BOOK NUMBER | |
| International Standard Book Number | 9781433616532, |
| 020 ## - INTERNATIONAL STANDARD BOOK NUMBER | |
| International Standard Book Number | 9781433616549 |
| 020 ## - INTERNATIONAL STANDARD BOOK NUMBER | |
| International Standard Book Number | 9781586406370 |
| 040 ## - CATALOGING SOURCE | |
| Transcribing agency | gbc |
| 082 ## - DEWEY DECIMAL CLASSIFICATION NUMBER | |
| Classification number | 220.520814 |
| Item number | HOL |
| 245 ## - TITLE STATEMENT | |
| Title | Holman Rainbow study Bible : |
| Remainder of title | Holy Bible, New International version |
| 260 ## - PUBLICATION, DISTRIBUTION, ETC. | |
| Place of publication, distribution, etc. | Nashville, Tennessee, |
| Name of publisher, distributor, etc. | Holman Bible Publishers, |
| Date of publication, distribution, etc. | 2013 |
| 300 ## - PHYSICAL DESCRIPTION | |
| Extent | xxiii, 1576 pages : |
| Other physical details | color illustrated verse coding, color maps ; |
| Dimensions | 25 cm |
| 505 ## - FORMATTED CONTENTS NOTE | |
| Formatted contents note | Study God's word in full color<br/>Concordance: (pages [1335]-1408)<br/>"Words of God (the Father, the Son, and the Holy Spirit) distinguished with bold underlining, book introductions and outlines, center column cross-references, sectional headings, in-text maps, bookmarker with color-code system, subject guide, concordance, and other special study aids." |
| 650 ## - SUBJECT ADDED ENTRY--TOPICAL TERM | |
| Topical term or geographic name entry element | Bible |
| Form subdivision | study and teaching |
| 9 (RLIN) | 9499 |
| 942 ## - ADDED ENTRY ELEMENTS (KOHA) | |
| Source of classification or shelving scheme | Dewey Decimal Classification |
| Koha item type | Reference Books |
| Withdrawn status | Lost status | Source of classification or shelving scheme | Damaged status | Not for loan | Home library | Current Library | Shelving location | Date acquired | Total checkouts | Full call number | Barcode | Date last seen | Copy number | Price effective from | Koha item type |
|---|---|---|---|---|---|---|---|---|---|---|---|---|---|---|---|
| Dewey Decimal Classification | GRACE BIBLE COLLEGE | GRACE BIBLE COLLEGE | Bible | 2024-06-17 | 220.520814 HOL | 016124 | 2025-05-01 | c.1 | 2024-06-17 | Reference Books |